000 01534nam a2200229Ia 4500
003 Ost
005 20260507075551.0
008 260507s9999||||xx |||||||||||||| ||und||
040 _cfsecg
041 _aara
082 _a332.12
100 _aهندى ، منير ابراهيم
_eمؤلف
245 0 _aإدارة البنوك التجارية :
_bمدخل اتخاذ القرارات /
_c منير ابراهيم هندى
250 _aطبعة 3
260 _aالاسكندرية:
_bالمكتب العربي الحديث,
_c2006
300 _a482 صفحة؛
_bإيضاحات ؛
_c32 سم
504 _aملاحق ص.447 مراجع ص.474
520 _aماهية البنوك التجارية و تنظيمها و تناول البنك الشامل و علاقة البنوك التجارية بالبنك المركزي كما تم التطرق الى إستراتيجية تنمية الموارد المالية و استراتيجية تنمية الودائع مع تناول إستراتيجيات لا تتطلب موارد مالية و التطرق الى سياسة الاقتراض و سياسات الاستثمار في الأوراق المالية كما تم التطرق الى أهداف محفظة البنك و السياسات التي تحكم إدارة المحفظة و أخيرا الرقابة المسبقة على انشطة البنك و الرقابة اللاحقة على نشاط البنك.
653 _aالبنوك
653 _aالبنوك التجارية
942 _cكتاب
999 _c44922
_d44922